[Event "Russian Championship (Rapid, Men)"]
[Site "Sochi"]
[Date "2018.10.06"]
[Round "8.13"]
[White "Paravyan, David"]
[Black "Shcherbakov, Ruslan"]
[Result "1-0"]
[BlackElo "2555"]
[WhiteElo "2630"]
[LiveChessVersion "1.4.8"]

1. d4 {[%clk 0:13:54]} Nf6 {[%clk 0:15:01]} 2. c4 {[%clk 0:13:58]} b6
{[%clk 0:14:33]} 3. Nc3 {[%clk 0:14:07]} Bb7 {[%clk 0:14:40]} 4. Qc2
{[%clk 0:14:16]} d5 {[%clk 0:14:30]} 5. cxd5 {[%clk 0:14:24]} Nxd5
{[%clk 0:14:38]} 6. Nf3 {[%clk 0:14:33]} Nxc3 {[%clk 0:12:40]} 7. bxc3
{[%clk 0:14:40]} Nd7 {[%clk 0:12:39]} 8. e4 {[%clk 0:14:48]} e5 {[%clk 0:12:28]}
9. Bc4 {[%clk 0:14:26]} exd4 {[%clk 0:11:41]} 10. O-O {[%clk 0:13:33]} d3
{[%clk 0:10:43]} 11. Qxd3 {[%clk 0:11:48]} Qe7 {[%clk 0:06:48]} 12. Bd5
{[%clk 0:09:15]} c6 {[%clk 0:06:05]} 13. Bb3 {[%clk 0:09:24]} Nc5
{[%clk 0:05:33]} 14. Qd1 {[%clk 0:08:38]} Rd8 {[%clk 0:05:24]} 15. Nd4
{[%clk 0:08:42]} g6 {[%clk 0:04:51]} 16. Qg4 {[%clk 0:08:37]} Bg7
{[%clk 0:03:28]} 17. Nf5 {[%clk 0:08:29]} gxf5 {[%clk 0:03:19]} 18. Qxg7
{[%clk 0:08:37]} Kd7 {[%clk 0:03:24]} 19. Bg5 {[%clk 0:08:33]} Rdg8
{[%clk 0:02:38]} 20. Rad1+ {[%clk 0:08:29]} Kc7 {[%clk 0:02:24]} 21. Qxg8
{[%clk 0:08:32]} 1-0

[Event "Russian Championship (Rapid, Men)"]
[Site "Sochi"]
[Date "2018.10.06"]
[Round "8.14"]
[White "Kobalia, Mikhail"]
[Black "Gabrielian, Artur"]
[Result "1-0"]
[BlackElo "2532"]
[WhiteElo "2617"]
[LiveChessVersion "1.4.8"]

1. e4 {[%clk 0:15:19]} c5 {[%clk 0:15:18]} 2. Nf3 {[%clk 0:15:28]} d6
{[%clk 0:15:15]} 3. d4 {[%clk 0:15:37]} cxd4 {[%clk 0:15:24]} 4. Nxd4
{[%clk 0:15:46]} Nf6 {[%clk 0:15:32]} 5. Nc3 {[%clk 0:15:56]} Nc6
{[%clk 0:15:40]} 6. Bg5 {[%clk 0:16:00]} e6 {[%clk 0:15:48]} 7. Qd2
{[%clk 0:16:10]} a6 {[%clk 0:15:57]} 8. O-O-O {[%clk 0:16:15]} Bd7
{[%clk 0:16:06]} 9. f3 {[%clk 0:16:09]} Be7 {[%clk 0:16:01]} 10. h4
{[%clk 0:16:07]} Nxd4 {[%clk 0:16:08]} 11. Qxd4 {[%clk 0:16:16]} b5
{[%clk 0:15:56]} 12. Kb1 {[%clk 0:16:25]} Qc7 {[%clk 0:15:12]} 13. g4
{[%clk 0:16:13]} h5 {[%clk 0:14:25]} 14. gxh5 {[%clk 0:16:18]} Nxh5
{[%clk 0:14:33]} 15. Bxe7 {[%clk 0:15:23]} Kxe7 {[%clk 0:14:41]} 16. e5
{[%clk 0:15:30]} dxe5 {[%clk 0:12:47]} 17. Qb4+ {[%clk 0:15:31]} Ke8
{[%clk 0:12:26]} 18. Ne4 {[%clk 0:15:39]} Bc6 {[%clk 0:09:44]} 19. Qc5
{[%clk 0:15:31]} Rb8 {[%clk 0:02:56]} 20. Nd6+ {[%clk 0:10:15]} Kf8
{[%clk 0:03:04]} 21. Nc8+ {[%clk 0:07:57]} Ke8 {[%clk 0:02:40]} 22. Na7
{[%clk 0:07:29]} Ng3 {[%clk 0:00:31]} 23. Rg1 {[%clk 0:06:43]} Nxf1
{[%clk 0:00:37]} 24. Rgxf1 {[%clk 0:06:38]} Rxh4 {[%clk 0:00:13]} 25. Qxc6+
{[%clk 0:06:20]} Qxc6 {[%clk 0:00:22]} 26. Nxc6 {[%clk 0:06:29]} Rc8
{[%clk 0:00:29]} 27. Nxe5 {[%clk 0:06:36]} f6 {[%clk 0:00:29]} 28. Nd3
{[%clk 0:06:27]} e5 {[%clk 0:00:34]} 29. f4 {[%clk 0:06:07]} exf4
{[%clk 0:00:19]} 30. Nxf4 {[%clk 0:06:14]} Rc7 {[%clk 0:00:22]} 31. c3
{[%clk 0:04:41]} Kf7 {[%clk 0:00:31]} 32. Rd6 {[%clk 0:04:49]} a5
{[%clk 0:00:26]} 33. Rb6 {[%clk 0:04:47]} b4 {[%clk 0:00:34]} 34. cxb4
{[%clk 0:04:53]} axb4 {[%clk 0:00:42]} 35. Nd5 {[%clk 0:04:15]} Rd7
{[%clk 0:00:22]} 36. Nxb4 {[%clk 0:04:22]} Rh2 {[%clk 0:00:24]} 37. a4
{[%clk 0:04:29]} Rdd2 {[%clk 0:00:18]} 38. Nc6 {[%clk 0:04:23]} g5
{[%clk 0:00:17]} 39. Ne5+ {[%clk 0:04:22]} Kg7 {[%clk 0:00:26]} 40. Rb7+
{[%clk 0:04:29]} 1-0

[Event "Russian Championship (Rapid, Men)"]
[Site "Sochi"]
[Date "2018.10.06"]
[Round "8.15"]
[White "Triapishko, Alexandr"]
[Black "Sarana, Alexey"]
[Result "0-1"]
[BlackElo "2612"]
[WhiteElo "2493"]
[LiveChessVersion "1.4.8"]

1. e4 {[%clk 0:14:53]} c5 {[%clk 0:15:03]} 2. Nf3 {[%clk 0:15:01]} d6
{[%clk 0:15:12]} 3. d4 {[%clk 0:15:07]} cxd4 {[%clk 0:15:21]} 4. Nxd4
{[%clk 0:15:14]} Nf6 {[%clk 0:15:30]} 5. Nc3 {[%clk 0:15:21]} a6 {[%clk 0:15:39]}
6. Bg5 {[%clk 0:15:22]} e6 {[%clk 0:15:44]} 7. f4 {[%clk 0:15:24]} Qb6
{[%clk 0:15:51]} 8. Qd2 {[%clk 0:15:30]} Qxb2 {[%clk 0:15:59]} 9. Rb1
{[%clk 0:15:38]} Qa3 {[%clk 0:16:07]} 10. e5 {[%clk 0:15:43]} dxe5
{[%clk 0:16:08]} 11. fxe5 {[%clk 0:15:48]} h6 {[%clk 0:16:16]} 12. Bh4
{[%clk 0:15:50]} Nfd7 {[%clk 0:16:24]} 13. Ne4 {[%clk 0:15:41]} Qxa2
{[%clk 0:16:13]} 14. Rd1 {[%clk 0:15:40]} Qd5 {[%clk 0:16:20]} 15. Qe3
{[%clk 0:15:43]} Qxe5 {[%clk 0:16:25]} 16. Be2 {[%clk 0:15:37]} Bc5
{[%clk 0:16:31]} 17. Bg3 {[%clk 0:15:40]} Qd5 {[%clk 0:16:39]} 18. c4
{[%clk 0:15:33]} Bxd4 {[%clk 0:16:47]} 19. Rxd4 {[%clk 0:15:39]} Qa5+
{[%clk 0:16:54]} 20. Rd2 {[%clk 0:15:40]} O-O {[%clk 0:17:01]} 21. Bd6
{[%clk 0:15:31]} f5 {[%clk 0:17:08]} 22. Bxf8 {[%clk 0:15:14]} Nxf8
{[%clk 0:17:17]} 23. Nd6 {[%clk 0:15:10]} Nbd7 {[%clk 0:17:24]} 24. g4
{[%clk 0:12:16]} Qa1+ {[%clk 0:17:12]} 25. Rd1 {[%clk 0:12:10]} Qa5+
{[%clk 0:17:20]} 26. Rd2 {[%clk 0:12:07]} fxg4 {[%clk 0:17:07]} 27. Bxg4
{[%clk 0:07:17]} Qe5 {[%clk 0:17:14]} 28. Qxe5 {[%clk 0:06:14]} Nxe5
{[%clk 0:17:22]} 29. h3 {[%clk 0:04:21]} Bd7 {[%clk 0:17:06]} 30. O-O
{[%clk 0:04:09]} Bc6 {[%clk 0:16:26]} 31. Re1 {[%clk 0:01:15]} Nxg4
{[%clk 0:16:24]} 32. hxg4 {[%clk 0:01:25]} a5 {[%clk 0:15:41]} 33. Kf2
{[%clk 0:00:30]} a4 {[%clk 0:15:40]} 34. Re3 {[%clk 0:00:31]} Ra5
{[%clk 0:09:44]} 35. Rb2 {[%clk 0:00:20]} Rg5 {[%clk 0:09:16]} 36. Rg3
{[%clk 0:00:29]} Nd7 {[%clk 0:09:18]} 37. Nxb7 {[%clk 0:00:22]} Nf6
{[%clk 0:09:07]} 38. Ke1 {[%clk 0:00:16]} Ne4 {[%clk 0:07:32]} 39. Rf3
{[%clk 0:00:11]} Nd6 {[%clk 0:07:09]} 40. Nxd6 {[%clk 0:00:17]} Bxf3
{[%clk 0:07:18]} 41. Rb8+ {[%clk 0:00:12]} Kh7 {[%clk 0:07:27]} 42. Kf2
{[%clk 0:00:12]} Bc6 {[%clk 0:07:16]} 43. Nf7 {[%clk 0:00:12]} Ra5
{[%clk 0:07:19]} 44. Nd8 {[%clk 0:00:13]} Ra8 {[%clk 0:05:29]} 45. Rxa8
{[%clk 0:00:20]} Bxa8 {[%clk 0:05:38]} 46. Nxe6 {[%clk 0:00:29]} a3
{[%clk 0:05:47]} 47. Nd4 {[%clk 0:00:36]} a2 {[%clk 0:05:56]} 48. Nb3
{[%clk 0:00:41]} Kg6 {[%clk 0:06:02]} 49. Kg3 {[%clk 0:00:43]} Kg5
{[%clk 0:06:07]} 50. c5 {[%clk 0:00:46]} Bc6 {[%clk 0:06:14]} 51. Na1
{[%clk 0:00:40]} Ba4 {[%clk 0:06:23]} 52. Kf3 {[%clk 0:00:50]} Bd1+
{[%clk 0:06:28]} 0-1

[Event "Russian Championship (Rapid, Men)"]
[Site "Sochi"]
[Date "2018.10.06"]
[Round "8.16"]
[White "Oganian, Miran"]
[Black "Chigaev, Maksim"]
[Result "0-1"]
[BlackElo "2704"]
[WhiteElo "2450"]
[LiveChessVersion "1.4.8"]

1. d4 {[%clk 0:15:18]} Nf6 {[%clk 0:15:19]} 2. c4 {[%clk 0:15:27]} g6
{[%clk 0:15:28]} 3. Nc3 {[%clk 0:15:35]} Bg7 {[%clk 0:15:38]} 4. e4
{[%clk 0:15:38]} d6 {[%clk 0:15:47]} 5. Nf3 {[%clk 0:15:46]} O-O {[%clk 0:15:55]}
6. Be2 {[%clk 0:15:55]} Na6 {[%clk 0:16:04]} 7. O-O {[%clk 0:16:01]} e5
{[%clk 0:16:13]} 8. Be3 {[%clk 0:16:09]} c6 {[%clk 0:16:22]} 9. d5
{[%clk 0:16:12]} Ng4 {[%clk 0:16:31]} 10. Bg5 {[%clk 0:16:16]} f6
{[%clk 0:16:40]} 11. Bd2 {[%clk 0:15:54]} c5 {[%clk 0:16:48]} 12. Ne1
{[%clk 0:15:55]} h5 {[%clk 0:16:45]} 13. Nd3 {[%clk 0:15:23]} f5 {[%clk 0:15:27]}
14. f3 {[%clk 0:15:09]} Nf6 {[%clk 0:14:47]} 15. Rb1 {[%clk 0:13:25]} f4
{[%clk 0:13:51]} 16. a3 {[%clk 0:13:12]} g5 {[%clk 0:11:50]} 17. Nf2
{[%clk 0:13:19]} Rf7 {[%clk 0:10:55]} 18. b4 {[%clk 0:13:23]} b6 {[%clk 0:10:54]}
19. bxc5 {[%clk 0:11:49]} Nxc5 {[%clk 0:10:57]} 20. Na4 {[%clk 0:09:17]} Bf8
{[%clk 0:10:28]} 21. Nxc5 {[%clk 0:09:21]} bxc5 {[%clk 0:10:37]} 22. g4
{[%clk 0:06:40]} hxg4 {[%clk 0:06:14]} 23. fxg4 {[%clk 0:06:48]} Bd7
{[%clk 0:06:08]} 24. Bf3 {[%clk 0:06:02]} Be8 {[%clk 0:06:00]} 25. Qc2
{[%clk 0:06:01]} Nd7 {[%clk 0:05:55]} 26. Rb2 {[%clk 0:04:55]} Nb6
{[%clk 0:04:20]} 27. Rfb1 {[%clk 0:04:56]} Qc8 {[%clk 0:03:54]} 28. Qd3
{[%clk 0:04:24]} Qa6 {[%clk 0:03:48]} 29. Be2 {[%clk 0:04:32]} Rb8
{[%clk 0:03:09]} 30. Nd1 {[%clk 0:03:56]} Rfb7 {[%clk 0:02:21]} 31. Kf2
{[%clk 0:03:50]} Nd7 {[%clk 0:01:41]} 32. Rxb7 {[%clk 0:02:41]} Rxb7
{[%clk 0:01:49]} 33. Rxb7 {[%clk 0:02:50]} Qxb7 {[%clk 0:01:59]} 34. h3
{[%clk 0:02:08]} Nf6 {[%clk 0:02:01]} 35. Bf3 {[%clk 0:01:52]} Be7
{[%clk 0:01:30]} 36. Ke2 {[%clk 0:01:24]} Bd8 {[%clk 0:01:31]} 37. Qc2
{[%clk 0:00:55]} Qa6 {[%clk 0:01:02]} 38. Qc3 {[%clk 0:00:29]} Bg6
{[%clk 0:00:39]} 39. Nf2 {[%clk 0:00:37]} Qa4 {[%clk 0:00:39]} 40. Kd3
{[%clk 0:00:32]} Qa6 {[%clk 0:00:25]} 41. Ke2 {[%clk 0:00:29]} Nd7
{[%clk 0:00:30]} 42. Ke1 {[%clk 0:00:17]} Nb6 {[%clk 0:00:27]} 43. Be2
{[%clk 0:00:27]} Qa4 {[%clk 0:00:35]} 44. Qb2 {[%clk 0:00:22]} Be8
{[%clk 0:00:32]} 45. Qc3 {[%clk 0:00:14]} Qd7 {[%clk 0:00:16]} 46. Qb3
{[%clk 0:00:18]} Qh7 {[%clk 0:00:24]} 47. Bf3 {[%clk 0:00:13]} Qh4
{[%clk 0:00:25]} 48. Ke2 {[%clk 0:00:21]} Ba4 {[%clk 0:00:27]} 49. Qc3
{[%clk 0:00:22]} Qh7 {[%clk 0:00:28]} 50. Bg2 {[%clk 0:00:19]} Qb7
{[%clk 0:00:34]} 51. Nd3 {[%clk 0:00:27]} Be8 {[%clk 0:00:26]} 52. Nb2
{[%clk 0:00:30]} Bg6 {[%clk 0:00:30]} 53. Qc2 {[%clk 0:00:13]} Nd7
{[%clk 0:00:17]} 54. Nd1 {[%clk 0:00:17]} Qa6 {[%clk 0:00:25]} 55. Qc3
{[%clk 0:00:17]} Nb6 {[%clk 0:00:17]} 56. Nb2 {[%clk 0:00:25]} Be8
{[%clk 0:00:17]} 57. Be1 {[%clk 0:00:16]} Kf7 {[%clk 0:00:15]} 58. Bd2
{[%clk 0:00:24]} Ke7 {[%clk 0:00:18]} 59. Bf3 {[%clk 0:00:27]} Bg6
{[%clk 0:00:16]} 60. Qa5 {[%clk 0:00:16]} Qb7 {[%clk 0:00:25]} 61. Qc3
{[%clk 0:00:22]} Be8 {[%clk 0:00:27]} 62. Nd3 {[%clk 0:00:23]} Kf6
{[%clk 0:00:15]} 63. h4 {[%clk 0:00:22]} gxh4 {[%clk 0:00:13]} 64. Bxf4
{[%clk 0:00:25]} Na4 {[%clk 0:00:15]} 65. Bxe5+ {[%clk 0:00:29]} Kf7
{[%clk 0:00:25]} 66. Qd2 {[%clk 0:00:20]} dxe5 {[%clk 0:00:32]} 67. Qh6
{[%clk 0:00:17]} Kg8 {[%clk 0:00:22]} 68. Qe6+ {[%clk 0:00:22]} Qf7
{[%clk 0:00:21]} 69. Qxe5 {[%clk 0:00:20]} Bf6 {[%clk 0:00:23]} 70. Qb8
{[%clk 0:00:14]} Bd4 {[%clk 0:00:32]} 71. Nf4 {[%clk 0:00:16]} Qe7
{[%clk 0:00:13]} 72. g5 {[%clk 0:00:20]} Be5 {[%clk 0:00:20]} 73. Ng6
{[%clk 0:00:26]} Bxb8 {[%clk 0:00:25]} 74. Nxe7+ {[%clk 0:00:35]} Kf7
{[%clk 0:00:35]} 75. Nf5 {[%clk 0:00:41]} h3 {[%clk 0:00:30]} 76. Kf2
{[%clk 0:00:23]} Kf8 {[%clk 0:00:39]} 77. Bg4 {[%clk 0:00:17]} Nc3
{[%clk 0:00:35]} 78. Ke3 {[%clk 0:00:12]} h2 {[%clk 0:00:39]} 79. Bf3
{[%clk 0:00:21]} Be5 {[%clk 0:00:45]} 80. Kf2 {[%clk 0:00:16]} Bh5
{[%clk 0:00:40]} 81. Bg2 {[%clk 0:00:14]} Bg6 {[%clk 0:00:48]} 82. d6
{[%clk 0:00:11]} Nxe4+ {[%clk 0:00:51]} 0-1

[Event "Russian Championship (Rapid, Men)"]
[Site "Sochi"]
[Date "2018.10.06"]
[Round "8.17"]
[White "Kezin, Roman"]
[Black "Alekseenko, Kirill"]
[Result "1-0"]
[BlackElo "2668"]
[WhiteElo "2462"]
[LiveChessVersion "1.4.8"]

1. d4 {[%clk 0:15:19]} d5 {[%clk 0:15:18]} 2. c4 {[%clk 0:15:28]} dxc4
{[%clk 0:15:26]} 3. e3 {[%clk 0:15:36]} e5 {[%clk 0:15:34]} 4. Bxc4
{[%clk 0:15:40]} Nc6 {[%clk 0:15:42]} 5. Nf3 {[%clk 0:15:34]} e4 {[%clk 0:15:51]}
6. Nfd2 {[%clk 0:15:27]} Qg5 {[%clk 0:15:58]} 7. Nxe4 {[%clk 0:14:37]} Qxg2
{[%clk 0:16:04]} 8. Ng3 {[%clk 0:14:45]} Nf6 {[%clk 0:16:12]} 9. Nc3
{[%clk 0:14:15]} Bb4 {[%clk 0:16:18]} 10. Bf1 {[%clk 0:12:33]} Qd5
{[%clk 0:16:25]} 11. Bd2 {[%clk 0:12:39]} Qd8 {[%clk 0:16:33]} 12. Nh5
{[%clk 0:07:51]} O-O {[%clk 0:14:18]} 13. Bg2 {[%clk 0:07:30]} Re8
{[%clk 0:11:31]} 14. O-O {[%clk 0:07:18]} Bd6 {[%clk 0:11:22]} 15. Nxf6+
{[%clk 0:04:57]} Qxf6 {[%clk 0:11:24]} 16. Nb5 {[%clk 0:05:04]} Bf5
{[%clk 0:10:51]} 17. Nxd6 {[%clk 0:04:57]} cxd6 {[%clk 0:10:28]} 18. Qf3
{[%clk 0:04:55]} Re4 {[%clk 0:10:02]} 19. h3 {[%clk 0:02:41]} Rh4
{[%clk 0:07:18]} 20. Kh2 {[%clk 0:02:49]} d5 {[%clk 0:06:21]} 21. Qxd5
{[%clk 0:01:22]} Be6 {[%clk 0:06:29]} 22. Qd6 {[%clk 0:00:58]} Qh6
{[%clk 0:05:26]} 23. Qg3 {[%clk 0:00:48]} Rg4 {[%clk 0:05:34]} 24. Qf3
{[%clk 0:00:48]} Rd8 {[%clk 0:05:28]} 25. Rad1 {[%clk 0:00:42]} Qh5
{[%clk 0:04:34]} 26. Kg1 {[%clk 0:00:21]} Rxg2+ {[%clk 0:03:36]} 27. Kxg2
{[%clk 0:00:30]} Bd5 {[%clk 0:03:45]} 28. e4 {[%clk 0:00:40]} Qg6+
{[%clk 0:03:54]} 29. Qg4 {[%clk 0:00:49]} Bxe4+ {[%clk 0:03:00]} 30. f3
{[%clk 0:00:57]} Bc2 {[%clk 0:03:08]} 31. Qxg6 {[%clk 0:01:02]} hxg6
{[%clk 0:03:13]} 32. Rc1 {[%clk 0:00:56]} Bd3 {[%clk 0:03:15]} 33. Rfe1
{[%clk 0:01:04]} Rxd4 {[%clk 0:03:07]} 34. Bc3 {[%clk 0:00:32]} Rh4
{[%clk 0:02:59]} 35. Re8+ {[%clk 0:00:32]} Kh7 {[%clk 0:03:08]} 36. Be1
{[%clk 0:00:24]} Ra4 {[%clk 0:02:47]} 37. a3 {[%clk 0:00:23]} g5 {[%clk 0:02:52]}
38. Rd1 {[%clk 0:00:23]} Bf5 {[%clk 0:02:45]} 39. Bg3 {[%clk 0:00:13]} Rc4
{[%clk 0:02:39]} 40. Re2 {[%clk 0:00:15]} f6 {[%clk 0:02:47]} 41. Rdd2
{[%clk 0:00:18]} Kg6 {[%clk 0:02:55]} 42. Re8 {[%clk 0:00:17]} a5
{[%clk 0:02:51]} 43. Re1 {[%clk 0:00:19]} a4 {[%clk 0:02:55]} 44. Re3
{[%clk 0:00:22]} Rc1 {[%clk 0:01:55]} 45. Rc3 {[%clk 0:00:30]} Rb1
{[%clk 0:01:56]} 46. Rc4 {[%clk 0:00:36]} Na5 {[%clk 0:01:53]} 47. Rxa4
{[%clk 0:00:42]} Nb3 {[%clk 0:02:02]} 48. Rf2 {[%clk 0:00:35]} Rd1
{[%clk 0:00:49]} 49. Rc4 {[%clk 0:00:14]} Nd4 {[%clk 0:00:31]} 50. h4 g4
{[%clk 0:00:31]} 51. fxg4 {[%clk 0:00:16]} Be6 {[%clk 0:00:19]} 52. Rc3
{[%clk 0:00:13]} Bxg4 {[%clk 0:00:27]} 53. Bf4 {[%clk 0:00:14]} Nf5
{[%clk 0:00:29]} 54. Rc1 {[%clk 0:00:14]} Rd3 {[%clk 0:00:35]} 55. Rc3
{[%clk 0:00:13]} Rd4 {[%clk 0:00:35]} 56. Bg3 {[%clk 0:00:16]} Kh5
{[%clk 0:00:30]} 57. Kh2 {[%clk 0:00:20]} Rd1 {[%clk 0:00:34]} 58. Rc5
{[%clk 0:00:21]} g6 {[%clk 0:00:43]} 59. Rc7 {[%clk 0:00:21]} Kh6
{[%clk 0:00:14]} 60. Rxb7 {[%clk 0:00:15]} Rd3 {[%clk 0:00:23]} 61. Bf4+ g5 62.
hxg5+ {[%clk 0:00:30]} fxg5 {[%clk 0:00:41]} 63. Be5 {[%clk 0:00:24]} Bf3
{[%clk 0:00:32]} 64. Rc7 {[%clk 0:00:19]} Be4 {[%clk 0:00:23]} 65. Rc4
{[%clk 0:00:15]} Bd5 {[%clk 0:00:13]} 66. Rc3 {[%clk 0:00:19]} Rxc3
{[%clk 0:00:12]} 67. Bxc3 {[%clk 0:00:27]} Ne3 {[%clk 0:00:20]} 68. Re2
{[%clk 0:00:30]} Nf1+ {[%clk 0:00:20]} 69. Kg1 {[%clk 0:00:37]} Ng3
{[%clk 0:00:29]} 70. Re5 {[%clk 0:00:42]} 1-0

[Event "Russian Championship (Rapid, Men)"]
[Site "Sochi"]
[Date "2018.10.06"]
[Round "8.18"]
[White "Dzhumagaliev, Yan"]
[Black "Grachev, Boris"]
[Result "0-1"]
[BlackElo "2667"]
[WhiteElo "2454"]
[LiveChessVersion "1.4.8"]

1. d4 {[%clk 0:15:19]} d5 {[%clk 0:15:18]} 2. c4 {[%clk 0:15:24]} e6
{[%clk 0:15:27]} 3. Nf3 {[%clk 0:15:25]} Nf6 {[%clk 0:15:35]} 4. g3
{[%clk 0:15:34]} dxc4 {[%clk 0:15:43]} 5. Bg2 {[%clk 0:15:42]} Bd7
{[%clk 0:15:52]} 6. Qc2 {[%clk 0:14:59]} Bc6 {[%clk 0:14:51]} 7. Qxc4
{[%clk 0:15:04]} Bd5 {[%clk 0:14:38]} 8. Qa4+ {[%clk 0:14:54]} Nc6
{[%clk 0:13:47]} 9. Nc3 {[%clk 0:14:59]} Bb4 {[%clk 0:11:56]} 10. O-O
{[%clk 0:15:03]} Bxc3 {[%clk 0:11:36]} 11. bxc3 {[%clk 0:15:11]} O-O
{[%clk 0:11:44]} 12. Re1 {[%clk 0:11:24]} a6 {[%clk 0:11:24]} 13. Bg5
{[%clk 0:11:06]} Be4 {[%clk 0:10:55]} 14. Nh4 {[%clk 0:09:00]} Bxg2
{[%clk 0:10:35]} 15. Nxg2 {[%clk 0:09:09]} h6 {[%clk 0:10:37]} 16. Bxf6
{[%clk 0:09:15]} Qxf6 {[%clk 0:10:45]} 17. Qc4 {[%clk 0:09:10]} e5
{[%clk 0:09:59]} 18. Rad1 {[%clk 0:06:51]} Rfd8 {[%clk 0:09:07]} 19. d5
{[%clk 0:06:17]} Ne7 {[%clk 0:09:14]} 20. e4 {[%clk 0:04:12]} c6 {[%clk 0:08:51]}
21. Ne3 {[%clk 0:03:49]} Rac8 {[%clk 0:06:55]} 22. Qb4 {[%clk 0:01:26]} cxd5
{[%clk 0:06:33]} 23. exd5 {[%clk 0:01:14]} Qd6 {[%clk 0:05:58]} 24. Qe4
{[%clk 0:00:52]} b5 {[%clk 0:05:17]} 25. c4 {[%clk 0:00:55]} f6 {[%clk 0:02:28]}
26. cxb5 {[%clk 0:00:45]} axb5 {[%clk 0:02:36]} 27. f4 {[%clk 0:00:53]} Ra8
{[%clk 0:01:52]} 28. fxe5 {[%clk 0:00:58]} fxe5 {[%clk 0:01:59]} 29. Ng4
{[%clk 0:00:21]} Qc5+ {[%clk 0:01:37]} 30. Qe3 {[%clk 0:00:18]} Rxd5
{[%clk 0:01:03]} 31. Rxd5 {[%clk 0:00:13]} Qxd5 {[%clk 0:01:04]} 32. Qxe5
{[%clk 0:00:20]} Rxa2 {[%clk 0:01:04]} 33. Qe6+ {[%clk 0:00:13]} Qxe6
{[%clk 0:01:03]} 34. Rxe6 {[%clk 0:00:22]} Nd5 {[%clk 0:00:30]} 35. Rd6
{[%clk 0:00:31]} Nc3 {[%clk 0:00:29]} 36. Rb6 {[%clk 0:00:36]} Rb2
{[%clk 0:00:24]} 37. Ne5 {[%clk 0:00:44]} Nd5 {[%clk 0:00:18]} 38. Rb8+
{[%clk 0:00:53]} Kh7 {[%clk 0:00:27]} 39. h4 {[%clk 0:00:50]} h5 {[%clk 0:00:30]}
40. Nf7 {[%clk 0:00:49]} Kg6 {[%clk 0:00:35]} 41. Nd6 {[%clk 0:00:34]} b4
{[%clk 0:00:39]} 42. Rb5 {[%clk 0:00:40]} Rd2 {[%clk 0:00:25]} 43. Nc4
{[%clk 0:00:28]} Rd4 {[%clk 0:00:13]} 44. Nb6 {[%clk 0:00:24]} Nxb6
{[%clk 0:00:17]} 45. Rxb6+ {[%clk 0:00:33]} Kf5 {[%clk 0:00:26]} 46. Kg2
{[%clk 0:00:43]} g6 {[%clk 0:00:19]} 47. Rb5+ {[%clk 0:00:41]} Ke4
{[%clk 0:00:12]} 48. Rb6 {[%clk 0:00:49]} Kd3 {[%clk 0:00:21]} 49. Kf3
{[%clk 0:00:31]} Rg4 {[%clk 0:00:28]} 50. Re6 {[%clk 0:00:20]} b3
{[%clk 0:00:31]} 51. Re3+ {[%clk 0:00:29]} Kc4 {[%clk 0:00:39]} 52. Re2
{[%clk 0:00:39]} Kc3 {[%clk 0:00:45]} 53. Re3+ {[%clk 0:00:48]} Kb4
{[%clk 0:00:55]} 54. Re2 {[%clk 0:00:56]} Ka3 {[%clk 0:01:04]} 0-1

[Event "Russian Championship (Rapid, Men)"]
[Site "Sochi"]
[Date "2018.10.06"]
[Round "8.22"]
[White "Esipenko, Andrey"]
[Black "Gutenev, Alexander"]
[Result "1-0"]
[BlackElo "2463"]
[WhiteElo "2605"]
[LiveChessVersion "1.4.8"]

1. d4 {[%clk 0:15:19]} Nf6 {[%clk 0:14:46]} 2. Bf4 {[%clk 0:15:25]} g6
{[%clk 0:14:51]} 3. Nc3 {[%clk 0:15:34]} d5 {[%clk 0:14:55]} 4. e3
{[%clk 0:15:43]} Bg7 {[%clk 0:15:00]} 5. h4 {[%clk 0:15:52]} c6 {[%clk 0:13:15]}
6. Be2 {[%clk 0:15:59]} h5 {[%clk 0:13:00]} 7. Nf3 {[%clk 0:16:07]} Bg4
{[%clk 0:12:25]} 8. Ne5 {[%clk 0:16:15]} Bxe2 {[%clk 0:12:21]} 9. Qxe2
{[%clk 0:16:24]} Nbd7 {[%clk 0:12:12]} 10. O-O-O {[%clk 0:16:29]} Qa5
{[%clk 0:11:22]} 11. Kb1 {[%clk 0:16:05]} Nxe5 {[%clk 0:08:34]} 12. Bxe5
{[%clk 0:16:13]} b5 {[%clk 0:08:32]} 13. Qd3 {[%clk 0:15:29]} b4 {[%clk 0:08:16]}
14. Ne2 {[%clk 0:15:37]} Kf8 {[%clk 0:06:33]} 15. f3 {[%clk 0:15:36]} Qb5
{[%clk 0:06:13]} 16. Nf4 {[%clk 0:14:54]} Qb6 {[%clk 0:04:35]} 17. Qd2
{[%clk 0:12:13]} Nd7 {[%clk 0:04:26]} 18. Bxg7+ {[%clk 0:12:01]} Kxg7
{[%clk 0:04:34]} 19. e4 {[%clk 0:11:42]} dxe4 {[%clk 0:04:16]} 20. fxe4
{[%clk 0:11:50]} e5 {[%clk 0:04:09]} 21. Ne2 {[%clk 0:11:34]} exd4
{[%clk 0:03:30]} 22. Nxd4 {[%clk 0:11:35]} Nf6 {[%clk 0:00:54]} 23. Qg5
{[%clk 0:09:53]} c5 {[%clk 0:00:19]} 24. Nf5+ {[%clk 0:09:54]} Kg8
{[%clk 0:00:28]} 25. Nd6 {[%clk 0:09:04]} Ng4 {[%clk 0:00:22]} 26. Nxf7
{[%clk 0:08:37]} Rh7 1-0